00999 2200301 4500001002100000005001500021035002000036007000300056008004100059020002200100082001000122084001900132100001800151245012600169250003200295300004600327650002100373700003700394700003200431700003500463740005200498336002100550337003000571338002300601260004100624990001600665990001600681INLIS00000000004305120210821123531 a0010-0821000262ta210821 0  a978-602-291-726-7 a155.4 aSR 155.4 DAL t1 aDalton, Tanya14aThe joy of missing out /cTanya Dalton; penerjemah, Rini Nurul Badariyah; penyunting, Nurjannah Intan, Eka Arief Setiawan aCetakan Pertama, Maret 2021 axxiv, 264 halaman :bilustrasi ;c20,5 cm 4aPsikologi remaja0 aRini Nurul Badariyahepenerjemah0 aNurjannah Intanepenyunting0 aEka Arief Setiawanepenyunting aThe joy of missing out: live more by doing less 2rdacontentateks 2rdamediaatanpa perantara 2rdacarrieravolume aYogyakarta :bBentang Pustaka,c2021 a48104.60924 a48104.60924